000 00437nam a2200133 i 4500
001 46134
003 ES-MaACL
007 t|
008 030328s1890 fr ||||1| fre d
100 1 _aCollot, Louis.
_939755
245 1 0 _aDescription du terrain crétacé dans une partie de la Basse-Provence
_b: 2e partie : couches d'eau douce et généralités /
_cLouis Collot.
260 _a[Suiport :
_bs.n.,
_c1890]
852 _aES-MaACL
_jT-904-F-13
999 _c46134
_d46134